000 00628cam a2200217 4500
008 090401t1999 xxu||||| |||| 00| 0 eng d
020 _a1840282002
035 _a(Sirsi) u89371
041 _aeng
050 _a658.3125
100 _aLecky-Thompson, Roy
245 _aConstructive appraisals.
260 _aLondon
_bMarshall Publishing
_c1999
350 _a9.99
520 _aDue to be published April 1999. Produced in association with Video Arts.
650 _aSTAFF APPRAISAL
650 _aSTAFF PERFORMANCE
690 _aMANAGEMENT-BUSINESS MANAGEMENT-PROFESSIONAL PRACTICE
942 _n0
948 _c29/10/1998
999 _c97453
_d97453